Fences - Paramore - Statistics

General Stats
  • This quiz has been taken 12 times
  • The average score is 232 of 304
Answer Stats
Hint Answer % Correct
a
100%
be
100%
I
100%
the
100%
and
89%
Chorus | Pre-Chorus And
89%
back
89%
because
89%
can't
89%
do
89%
don't
89%
ever
89%
for
89%
in
89%
just
89%
let
89%
look
89%
no
89%
now
89%
on
89%
place
89%
rather
89%
so
89%
them
89%
there
89%
there's
89%
think
89%
this
89%
to
89%
you
89%
Pre-Chorus You
89%
your
89%
you're
89%
all
78%
big
78%
camera's
78%
dying
78%
else
78%
every
78%
fences
78%
from
78%
go
78%
have
78%
Verse 1 I'm
78%
is
78%
it
78%
living
78%
looking
78%
lying
78%
only
78%
out
78%
people
78%
room
78%
sitting
78%
smile
78%
style
78%
that
78%
through
78%
turn
78%
up
78%
walls
78%
what
78%
white
78%
you'll
78%
always
67%
are
67%
blame
67%
build
67%
by
67%
'cause
67%
fight
67%
hall
67%
hate
67%
here
67%
how
67%
it's
67%
know
67%
limelight
67%
me
67%
night
67%
of
67%
oh
67%
open
67%
restrictions
67%
road
67%
separate
67%
set
67%
show
67%
wide
67%
window
67%
world
67%
you'd
67%
battle
56%
constant
56%
could
56%
display
56%
everyone
56%
exactly
56%
Verse 2 If
56%
learn
56%
let's
56%
made
56%
proof
56%
said
56%
see
56%
they
56%
walk
56%
watch
56%
well
56%
we're
56%
Bridge Yeah
56%
yeah
56%
asking
44%
breath
44%
door
44%
i'd
44%
mess
44%
obvious
44%
with
44%
talking
33%
breathe
22%
No matching quizzes found
Score Distribution
Percent of People with Each Score
Percentile by Number Answered
Your Score History
You have not taken this quiz